| 000 | 00000nam##2200000za#4500 |
| 001 | 9.647994 |
| 003 | CaOODSP |
| 005 | 20210615112904 |
| 007 | ta |
| 008 | 150407|2001||||xxc||||| f|0| 0 eng|d |
| 020 | |a0-662-29812-8 |
| 040 | |aCaOODSP|beng |
| 043 | |an-cn--- |
| 086 | 1 |aR62-336/2001E |
| 110 | 1 |aCanada.|bCanadian Heritage. |bParks Canada. |
| 245 | 10|aFirst priority: progress report on implementation of the recommendations of the Panel on the Ecological Integrity of Canada's National Parks |
| 260 | |aOttawa - Ontario : |bCanadian Heritage. |c2001. |
| 300 | |av, 67p. ; |c28 cm. |
| 563 | |aSoftcover |
| 590 | |a01-16|b2001-04-20 |
| 690 | 07|aNational parks|2gcpds |
| 690 | 07|aEnvironmental policy|2gcpds |
| 690 | 07|aEcosystems|2gcpds |
| 690 | 07|aEcology|2gcpds |
| 775 | 08|tPremière priorité: rapport d'étape sur la mise en oeuvre des recommandations de la Commission sur l'intégrité écologique des parcs nationaux de Canada |w(CaOODSP)9.681380 |
| 776 | 0#|tFirst priority : |w(CaOODSP)9.698270 |